00297nam a2200109Ia 4500008004100000041000800041100002300049245005600072260003100128300000800159700002000167250110s9999 xx 000 0 und d aeng aNandurkar Priyanka aTo Design framework For Sustainable Swm For Bharuch bBNCA M Arch EA, Punec2017 a91p aGuide Name:BNCA